01383nab a22002177a 4500003000400000005001700004008004100021040000700062100003300069245014200102300001500244505054500259505007200804650002900876650002300905650004900928650002700977650002701004700003601031773009801067OSt20260108222604.0190514b xxu||||| |||| 00| 0 spa d cPJ aGonzález de Vicel, Mariela10aBalance, consolidación y desafíos en técnicas de reproducción humana asistida /cMariela González de Vicel, Silvia Fernández. ap. 166-186 aSumario: I. Objeto de este aporte en el marco legal actual sobre reproducción humana asistida.— II. Accesibilidad y cobertura de tratamientos: contenido, cantidad y autorizaciones.— III. El Cód. Civ. y Com. y el derecho a la identidad en casos de TRHA.— IV. Fallecimiento y TRHA: fertilización, fecundación y filiación post mortem.— V. Solicitud de transferencia embrionaria sin voluntad procreacional.— VI. Gestación por sustitución. Una deuda pendiente y un debate candente.— VII. Breves consideraciones finales. tSi te interesa el texto, comunicate a koha@justierradelfuego.gov.ar 0aCODIGO CIVIL Y COMERCIAL 0aDERECHO DE FAMILIA 0aTÉCNICAS DE REPRODUCCIÓN HUMANA ASISTIDA 0aVOLUNTAD PROCREACIONAL 0aDERECHO A LA IDENTIDAD aFernández, Silvia E.ecoautor0 02844dBuenos Aires : AbeledoPerrot, 1989-tDerecho de familia. N° 120 - Julio 2025z18511201